LEADER 01145nam a22002651i 4500 001 991003266919707536 005 20040312090828.0 008 040802s1962 nyua 000 0 eng d 035 $ab13049896-39ule_inst 035 $aARCHE-100250$9ExL 040 $aBiblioteca Interfacoltà$bita$cA.t.i. Arché s.c.r.l. Pandora Sicilia s.r.l. 082 04$a572$222 245 00$aPreparation and assay of enzymes :$bsupplement to vol. I of this treatise and to section I of vol. II /$cedited by Sidney P. Colowick and Nathan O. Kaplan 260 $aNew York [etc.] :$bAcademic press,$c1962 300 $axxv, 1087 p. :$bill. ;$c24 cm 440 0$aMethods in enzymology ;$v005 650 4$aEnzymes$xIsolation$xPurification 700 1 $aKaplan, Nathan Oram 700 1 $aColowick, Sidney P. 907 $a.b13049896$b02-04-14$c05-08-04 912 $a991003266919707536 945 $aLE002 Coll. 21.005 [dislocato c/o Biblioteca DiSTeBA]$g1$i2002000499479$lle003$o-$pE0.00$q-$rl$s- $t0$u0$v0$w0$x0$y.i13674122$z05-08-04 996 $aPreparation and assay of enzymes$982048 997 $aUNISALENTO 998 $ale003$b05-08-04$cm$da $e-$feng$gnyu$h0$i1 LEADER 00923nam a2200265 i 4500 001 991003921809707536 005 20030107111650.0 008 021113s1998 it ||| | ita 020 $a8837217099 035 $ab11883108-39ule_inst 035 $aEXGIL149427$9ExL 040 $aDip.to Filol. Ling. e Lett.$bita 082 0 $a235.3 100 1 $aZucal, Silvano$0223230 245 10$aAli dell'invisibile :$bl'angelo in Guardini e nel '900 /$cSilvano Zucal 260 0 $aBrescia :$bMorcelliana,$c1998 300 $a551 p. ;$c21 cm. 650 4$aAngeli 650 4$aGuardini, Romano$xConcezione degli angeli 907 $a.b11883108$b21-09-06$c07-01-03 912 $a991003921809707536 945 $aLE008 LLI O VI 74$g1$i2008000049850$lle008$o-$pE0.00$q-$rl$s- $t0$u0$v0$w0$x0$y.i12139464$z07-01-03 996 $aAli dell'invisibile$9902630 997 $aUNISALENTO 998 $ale008$b01-01-02$cm$da $e-$fita$git $h0$i1